[Event "37th ECC Women 2022"]
[Site "Mayrhofen AUT"]
[Date "2022.10.07"]
[Round "5.2"]
[Board "4"]
[White "Maltsevskaya, Aleksandra"]
[Black "Heinemann, Josefine"]
[Result "1-0"]
[WhiteTitle "IM"]
[BlackTitle "WGM"]
[WhiteElo "2389"]
[BlackElo "2318"]
[WhiteTeam "ASVOe Pamhagen"]
[BlackTeam "SK Erste Bank Baden"]
[WhiteFideId "24174041"]
[BlackFideId "12900460"]
[EventDate "2022.10.03"]

1. e4 e5 2. Nc3 Nf6 3. Bc4 Nxe4 4. Qh5 Nd6 5. Bb3 Be7 6. f4 exf4 7. Nf3 g6 8.
Qh3 O-O 9. d4 Nf5 10. g4 Ne3 11. Bxe3 fxe3 12. Qh6 Bf6 13. h4 Bg7 14. Qf4 c6 15.
d5 d6 16. h5 g5 17. Nxg5 Be5 18. Qxe3 Bxc3+ 19. bxc3 Re8 20. Ne4 Qe7 21. Kd2 Nd7
22. Rae1 Kh8 23. Rhf1 Ne5 24. Nf6 Bd7 25. Qh6 Nf3+ 26. Kc1 Qxe1+ 27. Rxe1 Rxe1+
28. Kb2 1-0

[Event "37th ECC Women 2022"]
[Site "Mayrhofen AUT"]
[Date "2022.10.07"]
[Round "5.3"]
[Board "1"]
[White "Muzychuk, Anna"]
[Black "Sukandar, Irine Kharisma"]
[Result "1-0"]
[WhiteTitle "GM"]
[BlackTitle "IM"]
[WhiteElo "2534"]
[BlackElo "2401"]
[WhiteTeam "Cercle d'Echecs de Monte-Carlo"]
[BlackTeam "Wood Green"]
[WhiteFideId "14111330"]
[BlackFideId "7101937"]
[EventDate "2022.10.03"]

1. e4 e5 2. Nf3 Nc6 3. Bb5 a6 4. Ba4 Nf6 5. O-O Be7 6. Re1 b5 7. Bb3 d6 8. c3
O-O 9. h3 Nb8 10. d4 Nbd7 11. c4 c6 12. Qc2 Bb7 13. a3 bxc4 14. Bxc4 d5 15. dxe5
Nxe4 16. Ba2 Ndc5 17. Nc3 a5 18. Be3 Nxc3 19. bxc3 Ne6 20. Nd4 c5 21. Nf5 g6 22.
Nh6+ Kh8 23. Rad1 Bg5 24. Ng4 h5 25. Nf6 Bxf6 26. exf6 Qxf6 27. Bxd5 Bxd5 28.
Rxd5 Rfd8 29. c4 Rab8 30. Qd2 a4 31. Rd1 Rdc8 32. Qa5 Ra8 33. Qb6 Rab8 34. Qd6
Rd8 35. Qc6 Rdc8 36. Qd6 Rd8 37. Qg3 Kh7 38. Kh2 Rbc8 39. Rd7 Kg8 40. R7d5 Kh7
41. h4 Rxd5 42. cxd5 Nd4 43. d6 Rc6 44. Bf4 Qe6 45. Qg5 Rc8 46. Be5 Re8 47. f4
Nc6 48. d7 Rd8 49. Rd6 Nxe5 50. Rxe6 Ng4+ 51. Kg1 Rxd7 52. Re1 1-0

[Event "37th ECC Women 2022"]
[Site "Mayrhofen AUT"]
[Date "2022.10.07"]
[Round "5.3"]
[Board "2"]
[White "Houska, Jovanka"]
[Black "Stefanova, Antoaneta"]
[Result "0-1"]
[WhiteTitle "IM"]
[BlackTitle "GM"]
[WhiteElo "2354"]
[BlackElo "2440"]
[WhiteTeam "Wood Green"]
[BlackTeam "Cercle d'Echecs de Monte-Carlo"]
[WhiteFideId "405094"]
[BlackFideId "2902257"]
[EventDate "2022.10.03"]

1. d4 d5 2. c4 e6 3. Nf3 c6 4. e3 Bd6 5. Nc3 f5 6. Bd3 Nh6 7. Qc2 O-O 8. Bd2 Nd7
9. O-O-O a6 10. h3 Kh8 11. Ne2 b5 12. c5 Bc7 13. Nf4 Qe7 14. g4 e5 15. dxe5 Nxe5
16. Nxe5 Bxe5 17. Rdg1 a5 18. g5 Nf7 19. g6 Ng5 20. Bc3 Bxf4 21. exf4 Nf3 22.
Rg3 d4 23. Rxf3 dxc3 24. Qxc3 hxg6 25. h4 b4 26. Qc2 a4 27. h5 g5 28. h6 g6 29.
Re3 Qf6 30. fxg5 Qxg5 31. Qc4 Qf6 32. Qxb4 Be6 33. Bc4 Rab8 34. Qc3 Bxc4 35.
Qxf6+ Rxf6 36. Rh4 Bxa2 37. Rxa4 Bf7 38. Ra7 Kh7 39. Ree7 Rf8 40. f4 Kxh6 41.
Re2 g5 42. fxg5+ Kxg5 43. Rg2+ Kh6 44. Kd2 f4 45. Ke1 f3 46. Rh2+ Kg5 47. Kf2
Rd8 48. Kg3 Rd4 49. b3 f2 0-1

[Event "37th ECC Women 2022"]
[Site "Mayrhofen AUT"]
[Date "2022.10.07"]
[Round "5.3"]
[Board "3"]
[White "Cramling, Pia"]
[Black "Hunt, Harriet V"]
[Result "1/2-1/2"]
[WhiteTitle "GM"]
[BlackTitle "IM"]
[WhiteElo "2459"]
[BlackElo "2359"]
[WhiteTeam "Cercle d'Echecs de Monte-Carlo"]
[BlackTeam "Wood Green"]
[WhiteFideId "1700030"]
[BlackFideId "403512"]
[EventDate "2022.10.03"]

1. d4 Nf6 2. Nf3 e6 3. c4 b6 4. g3 Ba6 5. b3 Bb4+ 6. Bd2 Be7 7. Bg2 d5 8. cxd5
exd5 9. Nc3 O-O 10. O-O Re8 11. Re1 Bb7 12. Rc1 Ne4 13. Ne5 Ba3 14. Rc2 Na6 15.
Nxe4 dxe4 16. Nc4 Bf8 17. Bc3 Nb4 18. Bxb4 Bxb4 19. Rf1 Bf8 20. Rd2 Bb4 21. Rc2
Bf8 22. Rd2 Bb4 23. Rc2 1/2-1/2

[Event "37th ECC Women 2022"]
[Site "Mayrhofen AUT"]
[Date "2022.10.07"]
[Round "5.3"]
[Board "4"]
[White "Toma, Katarzyna"]
[Black "Paehtz, Elisabeth"]
[Result "1/2-1/2"]
[WhiteTitle "WGM"]
[BlackTitle "IM"]
[WhiteElo "2249"]
[BlackElo "2469"]
[WhiteTeam "Wood Green"]
[BlackTeam "Cercle d'Echecs de Monte-Carlo"]
[WhiteFideId "1119907"]
[BlackFideId "4641833"]
[EventDate "2022.10.03"]

1. e4 c5 2. Nf3 d6 3. d3 g6 4. g3 Bg7 5. Bg2 Nc6 6. O-O e5 7. c3 Nge7 8. a3 O-O
9. b4 h6 10. Bb2 Be6 11. b5 Nb8 12. Nbd2 Nd7 13. d4 exd4 14. cxd4 d5 15. Re1 Rc8
16. Rc1 c4 17. Qe2 Nb6 18. exd5 Nexd5 19. Ne4 Re8 20. Ne5 Bf5 21. Nxc4 Bxe4 22.
Bxe4 Rxc4 23. Rxc4 Rxe4 24. Qxe4 Nxc4 25. Qe8+ Qxe8 26. Rxe8+ Kh7 27. Rd8 Ndb6
28. Bc1 g5 29. Rb8 Nd6 30. Be3 Kg6 31. d5 Be5 32. f4 gxf4 33. gxf4 Bb2 34. Bc5
Ne4 35. Bxb6 axb6 36. Rxb7 Bxa3 37. Rxb6+ Kf5 38. Rxh6 Nd6 39. b6 Ke4 40. Rf6
Kxd5 41. b7 Nxb7 42. Rxf7 Nd6 43. Rf6 Ke4 44. Kg2 Nf5 45. Ra6 Bc5 46. Ra4+ Bd4
47. h4 Nxh4+ 48. Kh3 Ng6 49. f5 Kxf5 50. Rxd4 Nf4+ 51. Kh4 Ke5 52. Ra4 Nd5 53.
Kg5 Ne3 54. Ra8 Nd5 55. Re8+ Kd4 56. Kf5 Ne3+ 57. Kf4 Nd5+ 58. Kf3 Kc5 59. Re5
Kd4 60. Rg5 Nf6 61. Rg1 Nd5 62. Re1 Nc3 63. Ra1 Nd5 64. Ra4+ Ke5 65. Kg3 Kf5 66.
Kf3 1/2-1/2

[Event "37th ECC Women 2022"]
[Site "Mayrhofen AUT"]
[Date "2022.10.07"]
[Round "5.4"]
[Board "1"]
[White "Rakhmangulova, Anastasiya"]
[Black "Mammadzada, Gunay"]
[Result "0-1"]
[WhiteTitle "WIM"]
[BlackTitle "IM"]
[WhiteElo "2261"]
[BlackElo "2483"]
[WhiteTeam "Haifa-Nesher"]
[BlackTeam "Odlar Yurdu"]
[WhiteFideId "14117479"]
[BlackFideId "13403729"]
[EventDate "2022.10.03"]

1. e4 Nf6 2. e5 Nd5 3. d4 d6 4. c4 Nb6 5. f4 dxe5 6. fxe5 Bf5 7. Nf3 e6 8. Nc3
Bb4 9. c5 Nd5 10. Bd2 O-O 11. Bc4 Nc6 12. O-O Bg4 13. Nxd5 exd5 14. Be2 Bxd2 15.
Qxd2 a5 16. Rae1 Qe7 17. Qf4 Bh5 18. Bd3 Bg6 19. Bxg6 fxg6 20. Qg4 Rf5 21. Nh4
Rxf1+ 22. Rxf1 Nd8 23. g3 Ne6 24. Ng2 c6 25. Qd1 Rf8 26. Nf4 Nc7 27. a4 g5 28.
Ne2 Ra8 29. h3 Ne6 30. Qd2 h5 31. Kg2 h4 32. g4 b6 33. cxb6 Ra6 34. Rf2 Rxb6 35.
Qxa5 Qb7 36. Qc3 Rxb2 37. Qd3 Ra2 38. Qg6 Qe7 39. Qb1 Rxa4 40. Qb8+ Kh7 41. Qb1+
Kg8 42. Qb8+ Qd8 43. Qb1 Qe8 44. Qc2 Ra3 45. Rf3 Ra1 46. Qb2 Qa8 47. Rb3 Qa4 48.
Rb8+ Kh7 49. Nc3 Nf4+ 50. Kh2 Qxd4 51. Qc2+ g6 52. Rb7+ Kh6 0-1

[Event "37th ECC Women 2022"]
[Site "Mayrhofen AUT"]
[Date "2022.10.07"]
[Round "5.4"]
[Board "2"]
[White "Fataliyeva, Ulviyya"]
[Black "Levitan, Ronit"]
[Result "1-0"]
[WhiteTitle "IM"]
[BlackTitle "WFM"]
[WhiteElo "2422"]
[BlackElo "2024"]
[WhiteTeam "Odlar Yurdu"]
[BlackTeam "Haifa-Nesher"]
[WhiteFideId "13403052"]
[BlackFideId "2815109"]
[EventDate "2022.10.03"]

1. Nf3 d5 2. g3 Bg4 3. Bg2 c6 4. O-O Nd7 5. d4 Ngf6 6. c4 e6 7. h3 Bh5 8. cxd5
exd5 9. Ne5 Bg6 10. Nc3 Bd6 11. f4 Be4 12. Nxe4 Nxe4 13. Bxe4 dxe4 14. Qb3 Bxe5
15. fxe5 O-O 16. Rf4 Qa5 17. Rxe4 Qe1+ 18. Kg2 c5 19. Qc3 Qd1 20. b3 cxd4 21.
Ba3 dxc3 22. Rxd1 Nb6 23. Bxf8 Kxf8 24. Re3 Rc8 25. Rc1 c2 26. Rd3 Rc5 27. Rd2
Rxe5 28. Rcxc2 Nd5 29. Rc8+ Ke7 30. Rb8 b6 31. Rb7+ Kf6 32. e4 Ne7 33. Rd6+ Kg5
34. Kf3 f5 35. h4+ Kh5 36. exf5 Rxf5+ 37. Ke4 Rf1 38. Rdd7 1-0

[Event "37th ECC Women 2022"]
[Site "Mayrhofen AUT"]
[Date "2022.10.07"]
[Round "5.4"]
[Board "3"]
[White "Orian, Noga"]
[Black "Mammadova, Gulnar"]
[Result "0-1"]
[BlackTitle "IM"]
[WhiteElo "1940"]
[BlackElo "2389"]
[WhiteTeam "Haifa-Nesher"]
[BlackTeam "Odlar Yurdu"]
[WhiteFideId "2836475"]
[BlackFideId "13403508"]
[EventDate "2022.10.03"]

1. d4 g6 2. c4 Bg7 3. Nc3 d6 4. h4 e5 5. d5 h5 6. e4 a5 7. Be2 Na6 8. Be3 Bd7 9.
Qd2 Bh6 10. Nf3 Nc5 11. O-O-O Qe7 12. Ng5 f6 13. Nh3 Bxe3 14. Qxe3 Nh6 15. f3 f5
16. Ng5 O-O-O 17. Rdf1 Rdf8 18. Nd1 b6 19. Nf2 Nf7 20. Nxf7 Rxf7 21. Nd3 Nxd3+
22. Bxd3 Rhf8 23. b3 fxe4 24. Bxe4 Bf5 25. g3 Bxe4 26. Qxe4 g5 27. Qe2 gxh4 28.
Rxh4 Qg5+ 29. Kb2 Qxg3 30. Qh2 Qxh2+ 31. Rxh2 Rxf3 32. Rxf3 Rxf3 33. Rxh5 Rf2+
34. Kb1 a4 35. Rh8+ Kb7 36. bxa4 Rf4 37. a5 Rxc4 38. axb6 Kxb6 39. Rh2 Kc5 40.
Rd2 e4 41. Kb2 e3 42. Re2 Kd4 0-1

[Event "37th ECC Women 2022"]
[Site "Mayrhofen AUT"]
[Date "2022.10.07"]
[Round "5.4"]
[Board "4"]
[White "Balajayeva, Khanim"]
[Black "Golovchanskaya, Alina"]
[Result "1-0"]
[WhiteTitle "WGM"]
[WhiteElo "2384"]
[BlackElo "1684"]
[WhiteTeam "Odlar Yurdu"]
[BlackTeam "Haifa-Nesher"]
[WhiteFideId "13406396"]
[BlackFideId "4176677"]
[EventDate "2022.10.03"]

1. e4 d6 2. d4 e5 3. Nf3 Nd7 4. Bc4 Be7 5. Nc3 Ngf6 6. O-O c6 7. a4 h6 8. Re1
Qc7 9. a5 b5 10. axb6 Nxb6 11. Bb3 Bg4 12. dxe5 dxe5 13. h3 Be6 14. Nh4 Bxb3 15.
cxb3 g6 16. Qf3 Nh7 17. Qg3 Ng5 18. f4 exf4 19. Bxf4 Bc5+ 20. Kh1 Qc8 21. Bxg5
hxg5 22. Qe5+ Qe6 23. Qxh8+ Kd7 24. Na4 Nxa4 25. Qxa8 g4 26. Red1+ Kc7 27. Qd8+
Kb7 28. Rd7+ Ka6 29. Rxa4+ Kb5 30. Qa5# 1-0

[Event "37th ECC Women 2022"]
[Site "Mayrhofen AUT"]
[Date "2022.10.07"]
[Round "5.5"]
[Board "1"]
[White "Muzychuk, Mariya"]
[Black "Eric, Jovana"]
[Result "1-0"]
[WhiteTitle "GM"]
[BlackTitle "WGM"]
[WhiteElo "2527"]
[BlackElo "2252"]
[WhiteTeam "TAJFUN - SK Ljubljana"]
[BlackTeam "Sirmium"]
[WhiteFideId "14114550"]
[BlackFideId "938238"]
[EventDate "2022.10.03"]

1. d4 Nf6 2. c4 e6 3. Nc3 Bb4 4. Qc2 c5 5. dxc5 O-O 6. a3 Bxc5 7. Nf3 Nc6 8. Bg5
Be7 9. e3 h6 10. Bh4 b6 11. Be2 Bb7 12. O-O Rc8 13. Rfd1 d6 14. b4 Rc7 15. Rd2
Rd7 16. Rad1 Qb8 17. Nb5 Rfd8 18. h3 a6 19. Nc3 Qc7 20. Bg3 Ne5 21. Nxe5 dxe5
22. Rxd7 Rxd7 23. Rxd7 Nxd7 24. f3 f5 25. e4 f4 26. Bf2 Kf7 27. Qd3 g5 28. Bd1
Bc6 29. Bb3 Qd6 30. Qxd6 Bxd6 31. Na4 Bc7 32. c5 b5 33. Nc3 Nb8 34. Kf1 Ke7 35.
Ke2 Bd7 36. Kd3 Nc6 37. Ne2 Bd8 38. Kc3 Bc7 39. Bc2 Na7 40. Bd3 Bc6 41. Kb3 Bd8
42. Nc3 Bc7 43. a4 Kf6 44. axb5 axb5 45. Ne2 Bd8 46. Kc3 Kf7 47. Nc1 Bf6 48. Nb3
Ke7 49. Be2 Kd7 50. Kb2 Nc8 51. Nc1 Ne7 52. Na2 Nc8 53. Be1 Kc7 54. Kc2 Kd7 55.
Bc3 Kc7 56. Bb2 Kd7 57. Kd2 h5 58. Nc3 Na7 59. Ke1 Bg7 60. Nd1 Nc8 61. Nf2 Ne7
62. h4 gxh4 63. Kf1 Bf6 64. Kg1 Kc7 65. Nd1 Kb7 66. Nc3 Ka6 67. Kh2 Ng6 68. Kh3
Bg5 69. Nd1 Bf6 70. Nf2 Kb7 71. Nd3 Ka6 72. Bc3 Kb7 73. Be1 Ka6 74. Bf2 Kb7 75.
Nc1 Bg5 76. Nb3 Bf6 77. Na5+ Kc7 78. Nxc6 Kxc6 79. Be1 Be7 80. Bd1 Kc7 81. Bb3
Kd7 82. Ba2 Bf6 83. c6+ Kxc6 84. Bxe6 Be7 85. Bf7 Nf8 86. Bc3 Bf6 87. Bxh5 Ne6
88. Kg4 Nd4 89. Be8+ Kb6 90. Bxd4+ exd4 91. Kxf4 Be7 92. e5 Bxb4 93. Ke4 Bc5 94.
f4 b4 95. Ba4 Kc7 96. f5 Kd8 97. f6 b3 98. Bxb3 Kd7 99. Bc4 Ke8 100. e6 Ba3 101.
Kf5 Bb4 102. Bb5+ Kf8 103. e7+ Bxe7 104. fxe7+ Kxe7 105. Ke4 1-0

[Event "37th ECC Women 2022"]
[Site "Mayrhofen AUT"]
[Date "2022.10.07"]
[Round "5.5"]
[Board "2"]
[White "Blagojevic, Tijana"]
[Black "Unuk, Laura"]
[Result "0-1"]
[WhiteTitle "WIM"]
[BlackTitle "IM"]
[WhiteElo "2266"]
[BlackElo "2297"]
[WhiteTeam "Sirmium"]
[BlackTeam "TAJFUN - SK Ljubljana"]
[WhiteFideId "16500270"]
[BlackFideId "14609215"]
[EventDate "2022.10.03"]

1. e4 e5 2. Nc3 Nf6 3. Nf3 Nc6 4. d4 exd4 5. Nxd4 Nxe4 6. Nxe4 Qe7 7. f3 d5 8.
Nxc6 bxc6 9. Bd3 dxe4 10. fxe4 Qh4+ 11. g3 Qf6 12. c3 Bc5 13. Qe2 Qg6 14. Be3
Bg4 15. Qf2 Bxe3 16. Qxe3 Rd8 17. h3 Qh5 18. Kd2 Be6 19. Kc2 O-O 20. Be2 Qe5 21.
Qf4 Qa5 22. Bg4 Bxa2 23. Be2 Qa4+ 24. Kc1 Rb8 25. e5 Qb3 26. Qd2 Rfd8 27. Bd1
Qb6 28. Qe2 Bc4 29. Qh2 Qe3+ 30. Kb1 Rd2 0-1

[Event "37th ECC Women 2022"]
[Site "Mayrhofen AUT"]
[Date "2022.10.07"]
[Round "5.5"]
[Board "3"]
[White "Urh, Zala"]
[Black "Gajcin, Marina"]
[Result "1-0"]
[WhiteTitle "WIM"]
[BlackTitle "WIM"]
[WhiteElo "2221"]
[BlackElo "2228"]
[WhiteTeam "TAJFUN - SK Ljubljana"]
[BlackTeam "Sirmium"]
[WhiteFideId "14611481"]
[BlackFideId "949086"]
[EventDate "2022.10.03"]

1. d4 Nf6 2. c4 c5 3. d5 e6 4. Nc3 exd5 5. cxd5 d6 6. Nf3 g6 7. Nd2 Bg7 8. e4
O-O 9. Be2 Re8 10. O-O Na6 11. f3 Rb8 12. a4 Nc7 13. Nc4 a6 14. Bf4 Nh5 15. Bxd6
Bd4+ 16. Kh1 b5 17. axb5 axb5 18. Ra7 Na6 19. Bxb8 bxc4 20. g4 Nxb8 21. gxh5 Bh3
22. hxg6 hxg6 23. Bxc4 Re5 24. Ne2 Rg5 25. Ng3 Kg7 26. Rg1 Qf6 27. Bf1 Bxf1 28.
Rxf1 Qb6 29. Qa4 c4 30. Re7 Bc5 31. Re8 Qxb2 32. Qa1 Qxa1 33. Rxa1 Nd7 34. Rc8
Bd4 35. Rd1 Nb6 36. Rc6 Be3 37. d6 Rb5 38. d7 Bg5 39. d8=Q 1-0

[Event "37th ECC Women 2022"]
[Site "Mayrhofen AUT"]
[Date "2022.10.07"]
[Round "5.5"]
[Board "4"]
[White "Zarkovic, Mila"]
[Black "Kejzar, Petra"]
[Result "1-0"]
[WhiteTitle "WIM"]
[BlackTitle "WFM"]
[WhiteElo "2219"]
[BlackElo "2120"]
[WhiteTeam "Sirmium"]
[BlackTeam "TAJFUN - SK Ljubljana"]
[WhiteFideId "900451"]
[BlackFideId "14610213"]
[EventDate "2022.10.03"]

1. e4 c5 2. Nf3 d6 3. d4 cxd4 4. Nxd4 Nf6 5. Nc3 a6 6. h4 e5 7. Nb3 Be6 8. f4
Be7 9. f5 Bd7 10. Bg5 Bc6 11. Qf3 Nbd7 12. O-O-O b5 13. a3 Rb8 14. g4 b4 15.
axb4 Rxb4 16. Bd3 h6 17. Bd2 Qa8 18. Rhe1 a5 19. g5 a4 20. gxf6 axb3 21. Nb1
bxc2 22. Bxc2 Rc4 23. fxe7 Nc5 24. Bc3 Kxe7 25. f6+ gxf6 26. Rf1 Nd7 27. Qd3 d5
28. exd5 Bb5 29. Na3 Rxc3 30. d6+ Kd8 31. Qxc3 Bxf1 32. Qc7+ Ke8 33. Rxf1 Rg8
34. Ba4 Qd8 35. Bxd7+ Qxd7 36. Qb8+ Qd8 37. d7+ Ke7 38. Qb4+ Ke6 39. Qc4+ Ke7
40. Qc5+ Ke6 41. Qc6+ 1-0

[Event "37th ECC Women 2022"]
[Site "Mayrhofen AUT"]
[Date "2022.10.07"]
[Round "5.6"]
[Board "1"]
[White "Buksa, Nataliya"]
[Black "Ptacnikova, Lenka"]
[Result "1-0"]
[WhiteTitle "IM"]
[BlackTitle "WGM"]
[WhiteElo "2413"]
[BlackElo "2055"]
[WhiteTeam "Blue & Yellow"]
[BlackTeam "Garðabaer Chessclub"]
[WhiteFideId "14123622"]
[BlackFideId "305650"]
[EventDate "2022.10.03"]

1. e4 c5 2. c3 Nf6 3. e5 Nd5 4. Bc4 Nb6 5. Bb3 d5 6. exd6 Qxd6 7. Na3 a6 8. Ne2
Nc6 9. O-O e6 10. d4 cxd4 11. cxd4 Be7 12. Bf4 Qd7 13. Qd3 Nd5 14. Bg3 b5 15.
Nc2 Na5 16. Bxd5 exd5 17. Ne3 Nc4 18. b3 Nxe3 19. Qxe3 O-O 20. Rac1 Bd8 21. Nf4
Re8 22. Qf3 Re4 23. Nd3 Qg4 24. Rfe1 Qxf3 25. gxf3 Rxe1+ 26. Rxe1 Be6 27. Nf4
Ba5 28. Re2 Bf5 29. Nxd5 Bd3 30. Re3 Bb1 31. b4 Bxa2 32. Ne7+ Kh8 33. bxa5 b4
34. Bd6 b3 35. Ba3 h6 1-0

[Event "37th ECC Women 2022"]
[Site "Mayrhofen AUT"]
[Date "2022.10.07"]
[Round "5.6"]
[Board "2"]
[White "Johannsdottir, Johanna Bjorg"]
[Black "Gaponenko, Inna"]
[Result "0-1"]
[BlackTitle "IM"]
[WhiteElo "1964"]
[BlackElo "2348"]
[WhiteTeam "Garðabaer Chessclub"]
[BlackTeam "Blue & Yellow"]
[WhiteFideId "2303108"]
[BlackFideId "14101181"]
[EventDate "2022.10.03"]

1. e4 c5 2. Nf3 Nc6 3. g3 e5 4. Bg2 g6 5. c3 Bg7 6. Na3 Nge7 7. O-O O-O 8. Qe2
h6 9. Rd1 d6 10. h3 f5 11. exf5 Nxf5 12. g4 Nh4 13. Nxh4 Qxh4 14. Nb5 Qe7 15. d4
a6 16. Na3 exd4 17. Qxe7 Nxe7 18. cxd4 cxd4 19. Nc4 Be6 20. Nxd6 Bd5 21. Nxb7
Bxg2 22. Kxg2 Rac8 23. Nd6 Rc2 24. Rd2 Rc6 25. Ne4 Nd5 26. Rd3 Rxc1 27. Rxc1
Nf4+ 28. Kg3 Nxd3 29. Rc6 Be5+ 30. Kg2 Rf4 31. f3 Ne1+ 32. Kh1 Rxf3 33. Rxg6+
Kf7 34. Rxh6 Rf1# 0-1

[Event "37th ECC Women 2022"]
[Site "Mayrhofen AUT"]
[Date "2022.10.07"]
[Round "5.6"]
[Board "3"]
[White "Doluhanova, Evgeniya"]
[Black "Thorsteinsdottir, Hallgerdur"]
[Result "1-0"]
[WhiteTitle "WGM"]
[BlackTitle "WFM"]
[WhiteElo "2264"]
[BlackElo "1959"]
[WhiteTeam "Blue & Yellow"]
[BlackTeam "Garðabaer Chessclub"]
[WhiteFideId "14112035"]
[BlackFideId "2302454"]
[EventDate "2022.10.03"]

1. e4 c6 2. d3 d5 3. Nc3 e5 4. exd5 cxd5 5. Qe2 Nc6 6. f4 f6 7. fxe5 fxe5 8. Bf4
Qd6 9. Nf3 d4 10. Nxe5 Nce7 11. Ne4 Qd8 12. Nc4 Qd5 13. g3 Nf6 14. Ned6+ Kd8 15.
Bg2 Qe6 16. Nxb7+ Ke8 17. Ncd6+ 1-0

[Event "37th ECC Women 2022"]
[Site "Mayrhofen AUT"]
[Date "2022.10.07"]
[Round "5.6"]
[Board "4"]
[White "Thorsteinsdottir, Gudlaug"]
[Black "Tarleva, Diana"]
[Result "0-1"]
[WhiteTitle "WFM"]
[BlackTitle "WGM"]
[WhiteElo "2014"]
[BlackElo "2175"]
[WhiteTeam "Garðabaer Chessclub"]
[BlackTeam "Blue & Yellow"]
[WhiteFideId "2300753"]
[BlackFideId "14107244"]
[EventDate "2022.10.03"]

1. d4 Nf6 2. Nf3 c5 3. d5 e6 4. c4 exd5 5. cxd5 d6 6. Nc3 g6 7. e4 Bg7 8. h3 O-O
9. Bd3 Re8 10. O-O a6 11. a4 Nbd7 12. Re1 Ne5 13. Nxe5 Rxe5 14. Bf4 Re8 15. Bh2
Nd7 16. Kh1 g5 17. Qc2 Ne5 18. Ne2 g4 19. Nf4 Qh4 20. Bg3 Qh6 21. h4 Bf6 22. Re3
Bg5 23. Ne2 Bxe3 24. fxe3 Qxe3 25. Rd1 Nxd3 26. Rxd3 Qxe4 27. Nc3 Qg6 28. Qd2
Bd7 29. Ne2 Bxa4 30. Nf4 Qf5 31. Qc3 Re4 32. Qd2 Rae8 33. Kh2 Bb5 34. Rc3 Rd4
35. Qc1 Ree4 0-1

[Event "37th ECC Women 2022"]
[Site "Mayrhofen AUT"]
[Date "2022.10.07"]
[Round "5.7"]
[Board "1"]
[White "Krasteva, Beloslava"]
[Black "Katkov, Michelle"]
[Result "1-0"]
[WhiteTitle "FM"]
[BlackTitle "WFM"]
[WhiteElo "2287"]
[BlackElo "2219"]
[WhiteTeam "Gambit Asseco See"]
[BlackTeam "Rishon Lezion Chess Club"]
[WhiteFideId "2922029"]
[BlackFideId "2816393"]
[EventDate "2022.10.03"]

1. d4 d5 2. Nf3 Nf6 3. Bg5 c5 4. e3 Nc6 5. c3 e6 6. Nbd2 Be7 7. Bd3 Qc7 8. O-O
O-O 9. dxc5 Bxc5 10. Bxf6 gxf6 11. e4 Rd8 12. exd5 Rxd5 13. Ne4 Be7 14. Qe2 f5
15. Ng3 Ne5 16. Nxe5 Qxe5 17. Qf3 Rd8 18. Rfe1 Qc7 19. Nh5 Kh8 20. Qe3 Qc5 21.
Qh6 Rg8 22. Nf6 Rg7 23. Re3 Bxf6 24. Qxf6 Bd7 25. Rg3 Qf8 26. Re1 Kg8 27. Ree3
Rg6 28. Be2 Qd8 29. Qe5 Qb8 30. Qd4 Bc6 31. Rxg6+ hxg6 32. Rh3 e5 33. Qh4 Kg7
34. Qh7+ Kf6 35. Qh4+ Kg7 36. Bc4 Qf8 37. Qh7+ Kf6 38. Rd3 Qg8 39. Qh4+ Kg7 40.
Rd6 Re8 41. Qg5 Kf8 42. Bxf7 Qxf7 43. Rf6 Kg7 44. Rxf7+ Kxf7 45. h4 Rh8 46. c4
Be4 47. b4 Rh5 48. Qd8 f4 49. f3 Bf5 50. Qc7+ Kg8 51. Qxb7 1-0

[Event "37th ECC Women 2022"]
[Site "Mayrhofen AUT"]
[Date "2022.10.07"]
[Round "5.7"]
[Board "2"]
[White "Federovski, Adi"]
[Black "Drljevic, Ljilja"]
[Result "0-1"]
[BlackTitle "WIM"]
[WhiteElo "1967"]
[BlackElo "2172"]
[WhiteTeam "Rishon Lezion Chess Club"]
[BlackTeam "Gambit Asseco See"]
[WhiteFideId "2813777"]
[BlackFideId "928879"]
[EventDate "2022.10.03"]

1. e4 g6 2. d4 Bg7 3. Nc3 a6 4. h4 h6 5. Be3 e6 6. Qd2 b5 7. h5 g5 8. f4 gxf4 9.
Bxf4 Bb7 10. a3 Nf6 11. Qe3 d6 12. O-O-O Qe7 13. Nf3 Nbd7 14. Be2 O-O-O 15. Nh4
Nb6 16. g4 d5 17. Be5 Nbd7 18. exd5 Nxe5 19. dxe5 Nxd5 20. Nxd5 exd5 21. Nf3
Rhe8 22. Bd3 Kb8 23. Rhe1 c5 24. Bf5 Qc7 25. g5 hxg5 26. Qxg5 Bh8 27. h6 d4 28.
Be4 Bc8 29. Bf5 Bb7 30. Be4 Bc8 31. h7 Be6 32. Qd2 Bg4 33. Qg2 f5 34. Bd3 Qxh7
35. Kb1 Qb7 36. Be2 Bxe5 37. Qf2 Bc7 38. Ng1 Qd5 39. Bf3 Qd6 40. Rxe8 Rxe8 41.
Re1 Rxe1+ 42. Qxe1 Qe5 43. Qh4 Qh2 44. Qe1 Ka7 45. Qd1 Qg3 46. Ka2 Qf4 47. Qe2
Bxf3 48. Nxf3 Qe4 49. Qg2 Kb6 50. Qg6+ Kb7 51. Ng5 Qe5 52. Qf7 f4 53. Nf3 Qd6
54. Qf5 Kc6 55. Kb1 Qd5 56. Qd3 Bd6 57. a4 Qe6 58. b4 Qe3 59. axb5+ axb5 60. Qd1
Qc3 61. bxc5 Qb4+ 62. Ka2 Bxc5 63. Ne5+ Kc7 64. Nd3 Qc4+ 65. Kb1 Bd6 66. Qf3 Qc6
67. Qf2 Qe4 68. Qh4 Qf5 69. Qf2 Qe4 70. Qh4 b4 71. Kb2 Kc6 72. Qg4 Kc7 73. Qg7+
Kd8 74. Qg4 Kc7 75. Qg7+ Kc8 76. Qg4+ Kb8 77. Qg8+ Ka7 78. Qg7+ Kb6 79. Qf6 Kc7
80. Qg7+ Kc6 81. Qa7 Qe3 82. Qa6+ Kd7 83. Qb5+ Kd8 84. Qg5+ Qe7 85. Qd5 Ke8 86.
Qg8+ Kd7 87. Qd5 Ke8 88. Qg8+ Qf8 89. Qg6+ Kd7 90. Qg4+ Kc7 91. Qg1 Qf6 92. Qg8
f3 93. Qc4+ Kd8 94. Qg8+ Ke7 95. Qh7+ Kf8 96. Qd7 f2 97. Nxf2 d3+ 98. Ka2 d2 99.
Qc8+ Kf7 100. Qd7+ Kg8 101. Qg4+ Kf8 102. Qc8+ Ke7 103. Qb7+ Ke6 104. Qe4+ Kf7
105. Qh7+ Kf8 106. Nd1 Be5 107. Qd3 Bc3 108. Ne3 Qe6+ 109. Nd5 Qe1 110. Qf5+ Ke8
111. Qc8+ Kf7 112. Qf5+ Kg7 113. Qg5+ Kf8 114. Qd8+ Qe8 115. Qd6+ Kf7 116. Qf4+
Kg7 117. Qg3+ Qg6 118. Qc7+ Qf7 119. Qg3+ Qg6 120. Qc7+ Kh6 121. Qh2+ Qh5 122.
Qd6+ Kg7 123. Qe7+ Kh6 124. Qe3+ Qg5 125. Qh3+ Kg6 126. Qe6+ Kg7 127. Qd7+ Kh6
128. Qh3+ Kg6 129. Qe6+ Kh7 130. Qh3+ Qh6 131. Qf5+ Qg6 132. Qh3+ Kg7 133. Qd7+
Kh8 134. Qh3+ Kg7 135. Qd7+ Kh6 136. Qh3+ Qh5 137. Qe3+ Qg5 138. Qh3+ Kg6 139.
Qe6+ Bf6 140. Ne7+ Kg7 141. Nf5+ Qxf5 0-1